| 000 | 00562cam a22002294a 4500 | ||
|---|---|---|---|
| 005 | 20250605164319.0 | ||
| 008 | 250528s ||||||||||||||||||||||||d | ||
| 035 | _a22839 | ||
| 020 | _a9780201619225 | ||
| 040 |
_aGR-AtMCL _bgre _dGR-AtMCL _eAACR2 |
||
| 245 | 1 | _aMANAGEMENT DECISION - MAKING | |
| 250 | _a1 | ||
| 260 |
_bPrentice Hall, _c2003 |
||
| 300 | _a371 | ||
| 700 | 1 |
_aCurrie David _98501 |
|
| 700 | 1 |
_aDispenza Vincenzo _98502 |
|
| 700 | 1 |
_aFlynn John _98503 |
|
| 700 | 1 |
_aTeale Mark _98504 |
|
| 942 | _cBK | ||
| 999 |
_c7884 _d7884 |
||